000 00631nam a2200253 a 4500
001 nice12345678
003 IN_TiNIC
005 20260116011519.0
008 050524s1892 lona grp 000 0 eng
020 _a
_c100
082 0 0 _a270.1
_bRAM
100 _aRamsay, W M
245 _aChurch in the Roman Empire Before A.D.170
260 _aLondon
_bHodder & Stoughton
_c1892
300 _a310p
500 _aincludes index and biblioraphy
505 2 _aIndex
650 _aChristianity-Spain
650 _aChurch-History Primitive & Early
700 1 _aRamsay, W M
902 _bRBA
942 _cBK
999 _c2206
_d2206